000 00478nam a2200157 i 4500
001 41699
003 ES-MaACL
005 20230906160458.0
007 t|
008 030311s1967 sp ||||1| spa d
100 1 _aCasanova de Párraga, Diego Antonio.
_936112
245 1 4 _aLas campanas, al-Andalus, Galicia y Santiago /
_cDiego Antonio Casanova Párraga.
260 _aMadrid :
_b[s.n.,
_c1967]
300 _a112 p. 35 lám. ;
_c24 cm.
852 _aES-MaACL
_jC-42311
_bR.70960
999 _c41699
_d41699